02350nam a2200301 a 450000100100000000500170001000800410002704000250006808200150009324501410010826000340024930000170028350000900030050000540039050504230044459000750086765000310094270000250097370000300099870000440102891000370107295201810110995201870129095201870147795201810166495201860184599900170203100003551520200930074411.0111102m19601966mx 000 0 spa d aDO-SdBNPbspacBNPHU a109bH673f00aHistoria de la filosofía /cRedacción general de M. A. Dynnik ... [et. al.] ; traducción José Lain y Adolfo Sánchez Vázquez. aMéxico :bGrijalbo,c1960-. av. ;c22 cm. aA la cabeza del título : Academia de Ciencias de la URSS. Instituto de Filosofía. aLa biblioteca posee los volúmenes I-III-IV-V-VI0 av. 1. De la antigüedad a comienzos del siglo XIX --gv. 2. De la revolución burguesa de Francia de 1789 al nacimiento del marxismo --gv. 3. Desde el nacimiento del marxismo hasta finales del siglo XIX --gv. 4. Segunda mitad del siglo XIX --gv. 5. Desde finales del siglo XIX hasta la Revolución Socialista de octubre de 1917 --gv. 6. Desde la Revolución Socialista de octubre de 1917 hasta nuestros días. aPerteneció a la biblioteca personal de Juan Isidro Jimenes Grullón 4aFilosofíaxHistoria952812aDynnik, M. A.94784612aLain. José,etr.94784712aSánchez Vázquez, Adolfo,etr.95417 aValidado. Control de calidad MFF 001050718MOaGRbGRcHDd2011-11-02iLF1l0ov. 1p35515-10r2020-06-25w2020-06-25y1zPerteneció a la biblioteca personal de Juan Isidro Jimenes- GrullónZNo se presta 001052708MOaGRbGRcHDd2011-11-02iLF1l0ov. 3p35515-20r2020-06-25w2020-06-25y2zPerteneció a la biblioteca personal de Juan Isidro Jimenes- GrullónZPréstamo interno 001052708MOaGRbGRcHDd2011-11-02iLF1l0ov. 4p35515-30r2020-06-25w2020-06-25y2zPerteneció a la biblioteca personal de Juan Isidro Jimenes- GrullónZPréstamo interno 001050718MOaGRbGRcHDd2011-11-02iLF1l0ov. 5p35515-40r2020-06-25w2020-06-25y1zPerteneció a la biblioteca personal de Juan Isidro Jimenes- GrullónZNo se presta 001052708MOaGRbGRcHDd2011-11-02iLF1l0ov.6p35515-50r2020-06-25w2020-06-25y2zPerteneció a la biblioteca personal de Juan Isidro Jimenes- GrullónZPréstamo interno c35006d35006